000 01304nam a2200349 a 4500
001 000108612
003 CHAP
005 20220329144018.0
008 140227s2012 mx a |sm |||||||spa|d
010 _a105074
011 _a106046
040 _cCHAP
090 _aTesis
100 0 0 _aUribe Gómez, Miguel
_9116932
245 1 3 _aLa agroforestería como factor de desarrollo rural para comunidades campesinas de la Sierra de Huautla, Morelos
_h[En línea]
_cpor Miguel Uribe Gómez.
260 _aChapingo, Méx. :
_bEl autor,
_c2012.
500 _aPara ver el contenido del material haga clic en la liga
502 _aTesis (Ph.D. en Ciencias en Economía Agrícola) -- UACH. División de Ciencias Económico Administrativas
590 _aBATCH-UPD
_b10
_c20140324
_lUCH01
_h1535
590 _aBATCH-UPD
_b10
_c20141002
_lUCH01
_h0856
590 _aE11695DGD
_b10
_c20140304
_lUCH01
_h0859
590 _aE792CSJ
_b05
_c20140227
_lUCH01
_h0950
590 _aE792CSJ
_b05
_c20140227
_lUCH01
_h0950
650 1 4 _aAgroforestería.
_92156
650 1 4 _aCampesinado
_xMorelos.
_918027
650 1 4 _aDesarrollo rural.
_932067
650 1 4 _aRecursos naturales
_xMorelos.
_995300
856 _aFinding aid
_uhttp://10.13.5.2/tesis/sist108612.pdf
_zTeclea aquí
901 _aBK
942 _cTESIS
942 _n0
999 _c105074
_d105074